000 00777nmc a2200289 a 4500
003 AR-BaBNM
005 20251128204445.0
008 075019s1980 ||||||||||||||000 | spa||
040 _cAR-BaBNM
100 1 _aErnst, Anselm
245 1 0 _aLa representación de roles en la enseñanza
260 _aBuenos Aires
_bKapelusz
_c1980
300 0 _a94 p.
490 0 _aBiblioteca de cultura pedagógica
504 _aContiene bibliografía
650 4 _aCREATIVIDAD
650 4 _aJUEGOS EDUCATIVOS
650 4 _aMETODOS DE ENSENANZA
650 4 _aDRAMATIZACION
650 4 _aPSICODRAMA
650 4 _aTEATRO ESCOLAR
650 4 _aTEORIAS DEL COMPORTAMIENTO
650 4 _aTECNICAS DE ENSENANZA
653 0 _aEXPERIENCIAS EDUCATIVAS
942 _cBK
998 _cGrace
999 _c7499
_d7499